000 00469nam a2200181Ia 4500
008 240925s9999 xx 000 0 und d
020 _aNA
082 _a621.4022 ROG
100 _aRogers , G.F.C.
245 0 _aEngineering Thermodynamics Work and Heat Transfer
250 _aNA
260 _aNew York:
_bLongman
_c,1957.
300 _axv,665p.
_bNA
_fOriginal
500 _aIncludes Index
600 _aElectronic Engineering
650 _aTechnology
942 _cBK
999 _c3797
_d3797